000 00537nam a2200217Ia 4500
003 OSt
005 20220924134517.0
006 a|||||r|||| 00| 0
007 ta
008 220923b |||||||| |||| 00| 0 snd d
024 _a275041
037 _cTextual
040 _aARTS
_cARTS
_bsnd
041 _2snd
_asnd
082 _aY1:321, 1593K5
100 _aKanwal
_9208573
245 0 _aSukhi ain sarthak vivahit jeewan
260 _c1965
942 _hY1:321, 1593K5
_cTEXL
_2CC
999 _c437535
_d437535